Manihara and the other stories/ (Record no. 68391)
[ view plain ]
| 000 -LEADER | |
|---|---|
| fixed length control field | 01483nam a22002657a 4500 |
| 005 - DATE AND TIME OF LATEST TRANSACTION | |
| control field | 20120711112314.0 |
| 010 ## - LCCN (DPL NO) | |
| LC control number | B-462369-373 |
| 020 ## - INTERNATIONAL STANDARD BOOK NUMBER | |
| International Standard Book Number | 9788125040972 |
| Terms of availability | 295.00 |
| 035 ## - SYSTEM CONTROL NUMBER | |
| System control number | B-462369-373 |
| 037 ## - SOURCE OF ACQUISITION | |
| Stock number | dpl |
| Source of stock number/acquisition | K. K. Pub /Ven |
| 082 ## - DEWEY DECIMAL CLASSIFICATION NUMBER | |
| Classification number | S |
| 100 ## - MAIN ENTRY--PERSONAL NAME | |
| Personal name | Tagore, Rabinderanath |
| 245 ## - TITLE STATEMENT | |
| Title | Manihara and the other stories/ |
| Statement of responsibility, etc | by Rabinderanath Tagore |
| 260 ## - PUBLICATION, DISTRIBUTION, ETC. (IMPRINT) | |
| Place of publication, distribution, etc | New Delhi |
| Name of publisher, distributor, etc | Orient Blackswan Pvt, Ltd |
| Date of publication, distribution, etc | 2010 |
| 270 ## - ADDRESS | |
| Address | 1/24 Asaf ali road |
| City | New Delhi |
| 300 ## - PHYSICAL DESCRIPTION | |
| Extent | vii,296p |
| Dimensions | 22cm |
| 490 ## - SERIES STATEMENT | |
| Series statement | selections from Galpaguchchha 2 |
| -- | 50147 |
| 942 ## - ADDED ENTRY ELEMENTS (KOHA) | |
| Source of classification or shelving scheme | Dewey Decimal Classification |
| Item type | English Books |
| Classification part | S |
| Call number suffix | TAG |
| Withdrawn status | Lost status | Not for loan | Collection code | Home library | Current library | Date acquired | Source of acquisition | Cost, normal purchase price | Full call number | Barcode | Copy number | Cost, replacement price | Koha item type |
|---|---|---|---|---|---|---|---|---|---|---|---|---|---|
| Written-off vide DLB M. No. 383 dt 16.05.19 | Non-fiction | Central Library | Central Library | 13/07/2012 | K.K.Pub/1708/26.12.2011/25/18.01.2012/15.02.2012 | 295.00 | S TAG | B-462369 | 1 | 295.00 | English Books | ||
| Non-fiction | Karol Bagh | Karol Bagh | 13/07/2012 | K.K.Pub/1708/26.12.2011/25/18.01.2012/15.02.2012 | 295.00 | S TAG | B-462372 | 1 | 295.00 | English Books | |||
| Non-fiction | Patel Nagar | Patel Nagar | 13/07/2012 | K.K.Pub/1708/26.12.2011/25/18.01.2012/15.02.2012 | 295.00 | S TAG | B-462370 | 1 | 295.00 | English Books | |||
| Non-fiction | Sarojini Nagar | Sarojini Nagar | 13/07/2012 | K.K.Pub/1708/26.12.2011/25/18.01.2012/15.02.2012 | 295.00 | S TAG | B-462371 | 1 | 295.00 | English Books | |||
| Non-fiction | Shahdara Branch | Shahdara Branch | 13/07/2012 | K.K.Pub/1708/26.12.2011/25/18.01.2012/15.02.2012 | 295.00 | S TAG | B-462373 | 1 | 295.00 | English Books |
